The JCT Minor Works Building Contracts 2005 (Record no. 106028)
[ view plain ]
| 000 -LEADER | |
|---|---|
| fixed length control field | 01593cam a2200277 4500 |
| 001 - CONTROL NUMBER | |
| control field | ##L135370 |
| 008 - FIXED-LENGTH DATA ELEMENTS--GENERAL INFORMATION | |
| fixed length control field | 061020n2006 000 0 eng u |
| 020 ## - INTERNATIONAL STANDARD BOOK NUMBER | |
| International Standard Book Number | 1405152710 |
| -- | 9781405152716 |
| 035 ## - SYSTEM CONTROL NUMBER | |
| System control number | (Sirsi) u135370 |
| 041 0# - LANGUAGE CODE | |
| Language code of text/sound track or separate title | eng |
| 050 04 - LIBRARY OF CONGRESS CALL NUMBER | |
| Classification number | 692.8 $2 18 |
| 100 1# - MAIN ENTRY--PERSONAL NAME | |
| Personal name | Chappell, David |
| 245 04 - TITLE STATEMENT | |
| Title | The JCT Minor Works Building Contracts 2005 |
| 250 ## - EDITION STATEMENT | |
| Edition statement | 4th ed. |
| 260 ## - PUBLICATION, DISTRIBUTION, ETC. | |
| Place of publication, distribution, etc. | Oxford |
| Name of publisher, distributor, etc. | Blackwell |
| Date of publication, distribution, etc. | 2006 |
| 300 ## - PHYSICAL DESCRIPTION | |
| Extent | xi, 249p. |
| Dimensions | 25cm. |
| 350 ## - PRICE (NR) (BK AM CF MU VM SE) [OBSOLETE] | |
| Price | 45 |
| 505 1# - FORMATTED CONTENTS NOTE | |
| Formatted contents note | The purpose and use of MW and MWD -- Contract comparisons -- Contract documents and insurance -- Architect -- Contractor -- Employer -- Quantity surveyor and clerk of works -- Subcontractors and suppliers -- Possession, completion and defects -- Claims -- Payment -- Termination -- Contractor's designed portion -- Dispute resolution procedures -- Table of cases |
| 520 ## - SUMMARY, ETC. | |
| Summary, etc. | Discusses the practical applications of the revised JCT Minor Works Building Contract (2005 Edition) and the new Minor Works Building Contract with Contractor's Design (2005 Edition). Outlines the legal aspects of the form, with reference to flow charts, tables and sample letters. Takes into account around 30 new cases and the 2004 editions of the RIBA conditions of engagement. |
| 650 24 - SUBJECT ADDED ENTRY--TOPICAL TERM | |
| Topical term or geographic name entry element | JCT MINOR WORKS BUILDING CONTRACT (2005 EDITION) |
| 650 24 - SUBJECT ADDED ENTRY--TOPICAL TERM | |
| Topical term or geographic name entry element | JCT MINOR WORKS BUILDING CONTRACT WITH CONTRACTOR'S DESIGN (2005 EDITION) |
| 651 #4 - SUBJECT ADDED ENTRY--GEOGRAPHIC NAME | |
| Geographic name | United Kingdom |
| Chronological subdivision | |
| 690 ## - LOCAL SUBJECT ADDED ENTRY--TOPICAL TERM (OCLC, RLIN) | |
| Topical term or geographic name as entry element | BUILT ENVIRONMENT-BUILDING CONTRACT FORMS-STANDARD FORMS OF BUILDING CONTRACT-JOINT CONTRACTS TRIBUNAL CONTRACTS |
| 942 ## - ADDED ENTRY ELEMENTS (KOHA) | |
| Suppress in OPAC | 0 |
| Withdrawn status | Lost status | Source of classification or shelving scheme | Damaged status | Not for loan | Home library | Current library | Shelving location | Date acquired | Cost, normal purchase price | Total Checkouts | Full call number | Barcode | Date last seen | Date last checked out | Copy number | Cost, replacement price | Price effective from | Koha item type |
|---|---|---|---|---|---|---|---|---|---|---|---|---|---|---|---|---|---|---|
| Dewey Decimal Classification | London | London | Books | 14/02/2007 | 45.00 | 19 | 692.8 CHA | 30073669 | 06/08/2019 | 20/11/2009 | 2 | 45.00 | 06/08/2019 | Book |